Key concepts in race and ethnicity
Guardat en:
| Autor principal: | |
|---|---|
| Format: | Llibre |
| Idioma: | anglès |
| Publicat: |
Sage Publications
|
| Etiquetes: |
Afegir etiqueta
Sense etiquetes, Sigues el primer a etiquetar aquest registre!
|
MARC
| LEADER | 00000nam a22000007a 4500 | ||
|---|---|---|---|
| 008 | 210511b ||||| |||| 00| 0 eng d | ||
| 020 | |a 978-0-85702-868-6 | ||
| 100 | |a MEER, Nasar. | ||
| 245 | |a Key concepts in race and ethnicity |e (SAGE key concepts) |g xii, 161p | ||
| 260 | |b Sage Publications |h Los Angeles: |i 692607 |i 692608 |l GN495.6 .M47 | ||
| 500 | |a “It includes references and index” | ||
| 942 | |a lcc |c BK |e j o ifatola |f 11/ 05/ 2021 | ||
| 952 | |0 0 |1 0 |2 lcc |4 0 |6 GN04956 M47 |7 0 |9 2416 |a HOL |b HOL |d 2021-05-11 |l 0 |o GN495.6 .M47 |p 2021-6267 |r 2021-05-11 00:00:00 |w 2021-05-11 |y BK | ||
| 952 | |0 0 |1 0 |2 lcc |4 0 |6 GN04956 M47 |7 0 |9 2417 |a HOL |b ART |d 2021-05-11 |l 0 |o GN495.6 .M47 |p 2021-6268 |r 2021-05-11 00:00:00 |w 2021-05-11 |y BK | ||
| 999 | |c 1256 |d 1256 | ||